000 00672nam a2200193 i 4500
001 54628
003 ES-MaACL
005 20230906163004.0
007 t|
008 040107s1870 sp ||||1| spa d
080 _a342.9(460)"18"
100 1 _aFreixa y Clariana, Francisco.
_952478
245 1 3 _aEl derecho administrativo vigente en España /
_cpor Francisco Freixa y Clariana.
260 _aBarcelona :
_bFrancisco Freixa y Clariana,
_c1870.
300 _a2642 p. ;
_c22 cm.
650 4 _aDerecho administrativo-
_zEspaña-
_yS.XIX.
_911645
852 _aES-MaACL
_jC-2827-8
_z. - Encuadernado en 2 vols.
852 _aES-MaACL
_jE-13065-67
_z. - Encuadernado en 3 vols.
999 _c54628
_d54628